Computer graphics and multimedia : (Record no. 100293)

MARC details
000 -LEADER
fixed length control field 00679nam a22002057a 4500
005 - DATE AND TIME OF LATEST TRANSACTION
control field 20160613124526.0
010 ## - LCCN (DPL NO)
LC control number ENG-115274
020 ## - INTERNATIONAL STANDARD BOOK NUMBER
International Standard Book Number 9788120352230
Terms of availability 595.00
035 ## - SYSTEM CONTROL NUMBER
System control number EN-98806
037 ## - SOURCE OF ACQUISITION
Source of stock number/acquisition DBAD/PUB
082 ## - DEWEY DECIMAL CLASSIFICATION NUMBER
Classification number 006.6
100 ## - MAIN ENTRY--PERSONAL NAME
Personal name Evangeline,D.
245 ## - TITLE STATEMENT
Title Computer graphics and multimedia :
Statement of responsibility, etc by D. Evangeline [and] S. Anitha
Remainder of title insights, mathematical models and programming paradigms /
260 ## - PUBLICATION, DISTRIBUTION, ETC. (IMPRINT)
Place of publication, distribution, etc Dellhi
Name of publisher, distributor, etc PHI Learning
Date of publication, distribution, etc 2016
270 ## - ADDRESS
Address Rimjhim House, 111, Patparganj Industrial Estate
City Delhi
Postal code 110092
300 ## - PHYSICAL DESCRIPTION
Extent xix,492p :
Other physical details ill .
Dimensions 25cm(pbk)
500 ## - GENERAL NOTE
General note Includes index
700 ## - ADDED ENTRY--PERSONAL NAME
Personal name Anitha,S.
942 ## - ADDED ENTRY ELEMENTS (KOHA)
Source of classification or shelving scheme Dewey Decimal Classification
Item type English Books
Call number suffix EVA
Classification part 006.6
Holdings
Withdrawn status Lost status Not for loan Collection code Home library Current library Date acquired Source of acquisition Cost, normal purchase price Full call number Barcode Copy number Cost, replacement price Koha item type
    Not For Loan Non-fiction D.B.Act.Division Bawana 13/06/2016 DBAD/PUB 595.00 006.6 EVA EN-98806 1 595.00 English Books

© Delhi Public Library
Hit Counter
free hit counter